List of countries by Bauxite production - Statistics

General Stats
  • This quiz has been taken 104 times
    38 since last reset
  • The average score is 8 of 13
Answer Stats
Rank Country Production (k metric tonne) % Correct
3 China 60.000
100%
1 Australia 110.000
97%
6 India 22.000
91%
4 Brazil 35.000
89%
5 Indonesia 23.000
89%
8 Russia 6.100
89%
9 Kazakhstan 5.800
63%
2 Guinea 82.000
54%
10 Vietnam 4.000
51%
11 Saudi Arabia 4.000
40%
12 Greece 1.800
31%
7 Jamaica 7.700
29%
13 Guyana 1.700
23%
No matching quizzes found
Score Distribution
Percent of People with Each Score
Percentile by Number Answered
Your Score History
You have not taken this quiz since the last reset